[Event "Florianopolis op 9th"]
[Site "Florianopolis"]
[Date "2023.01.24"]
[Round "3"]
[White "Casalaspro, Mathias Andre"]
[Black "Da Costa, Michael David"]
[Result "1-0"]
[WhiteElo "1806"]
[BlackElo "1396"]
[PlyCount "59"]
[EventDate "2023.01.23"]
[EventType "swiss"]
[EventRounds "10"]
[EventCountry "BRA"]
[SourceTitle "CBM 212 Extra"]
[Source "ChessBase"]
[SourceDate "2023.03.31"]
[SourceVersion "1"]
[SourceVersionDate "2023.03.31"]
[SourceQuality "1"]

1. e4 c6 2. d4 d5 3. Nc3 dxe4 4. Nxe4 Nf6 5. Nxf6+ exf6 6. Be3 Bf5 7. Bd3 Bxd3 8. Qxd3 Bd6 9. Ne2 Nd7 10. c4 0-0 11. 0-0-0 Re8 12. Nc3 Bf8 13. Kb1 g6 14. g4 Bg7 15. h4 Nf8 16. f4 h6 17. d5 Qe7 18. Rhe1 cxd5 19. Nxd5 Qd8 20. f5 g5 21. Bd4 Rxe1 22. Rxe1 Nd7 23. Re7 Ne5 24. Bxe5 fxe5 25. f6 Bh8 26. Rd7 Qa5 27. Ne7+ Kf8 28. Ng6+ fxg6 29. Qd6+ Kg8 30. Qd5+ 1-0

[Event "Florianopolis Autumn op U1800"]
[Site "Florianopolis"]
[Date "2022.05.14"]
[Round "4"]
[White "Nunes, Nicole"]
[Black "Da Costa, Michael David"]
[Result "0-1"]
[WhiteElo "1047"]
[BlackElo "1401"]
[PlyCount "98"]
[EventDate "2022.05.13"]
[EventType "swiss"]
[EventRounds "6"]
[EventCountry "BRA"]
[SourceTitle "CBM 208 Extra"]
[Source "ChessBase"]
[SourceDate "2022.07.31"]
[SourceVersion "1"]
[SourceVersionDate "2022.07.31"]
[SourceQuality "1"]

1. d4 d5 2. c4 c6 3. Nf3 Nf6 4. Bf4 e6 5. h3 Nbd7 6. e3 Qa5+ 7. Nc3 Bb4 8. Qc2 Ne4 9. Rc1 Qxa2 10. Bd3 Bxc3+ 11. bxc3 Qxc2 12. Rxc2 Ndf6 13. cxd5 exd5 14. c4 Be6 15. Rb2 dxc4 16. Bxe4 Nxe4 17. Rxb7 0-0 18. 0-0 a5 19. Rfb1 a4 20. Bc7 a3 21. Bb6 a2 22. Ra1 c3 23. Ra7 Rxa7 24. Bxa7 Ra8 25. Ne1 Rxa7 26. Nd3 Rb7 27. Rxa2 Bxa2 28. f3 Rb1+ 29. Kh2 Nf6 30. e4 c2 31. e5 c1Q 32. Nxc1 Rxc1 33. exf6 gxf6 34. Kg3 Rd1 35. d5 Rxd5 36. Kf4 c5 37. Ke4 Rd8 38. Kf5 c4 39. Kxf6 c3 40. g4 c2 41. f4 c1Q 42. f5 Qh6+ 43. Ke5 Qd6+ 44. Ke4 Re8+ 45. Kf3 Bd5+ 46. Kf2 Qf4+ 47. Kg1 Re2 48. h4 Qg3+ 49. Kf1 Qg2# 0-1

[Event "Timbo op"]
[Site "Timbo"]
[Date "2021.06.13"]
[Round "6"]
[White "Darcanal, Emanuele1111"]
[Black "Da Costa, Michael David"]
[Result "0-1"]
[WhiteElo "1030"]
[BlackElo "1471"]
[PlyCount "80"]
[EventDate "2021.06.11"]
[EventType "swiss"]
[EventRounds "6"]
[EventCountry "BRA"]
[SourceTitle "EXT 2022"]
[Source "ChessBase"]
[SourceDate "2021.10.06"]
[SourceVersion "1"]
[SourceVersionDate "2021.10.06"]
[SourceQuality "1"]

1. d4 d5 2. Bf4 Nf6 3. Nf3 c5 4. e3 Nc6 5. c3 Bf5 6. Be2 e6 7. 0-0 h6 8. c4 Be7 9. b3 Nh5 10. Be5 Nf6 11. Bf4 0-0 12. Nc3 cxd4 13. Nxd4 Nxd4 14. Qxd4 a6 15. Bd3 Bxd3 16. Qxd3 dxc4 17. Qxd8 Rfxd8 18. bxc4 Rac8 19. Rfd1 Rxc4 20. Rxd8+ Bxd8 21. Ne2 Rc2 22. Nd4 Rc8 23. Nf3 Nd5 24. Rb1 Nxf4 25. exf4 Bf6 26. g3 b5 27. Rd1 Rc7 28. Kg2 a5 29. Rd6 Rc2 30. Rb6 b4 31. a4 bxa3 32. Ra6 Bc3 33. Ne5 a2 34. Nc4 a1Q 35. Nxa5 Bxa5 36. Rxa5 Qxa5 37. h4 Qd2 38. Kh3 f5 39. h5 Qxf2 40. Kh4 Qh2# 0-1

[Event "Timbo op"]
[Site "Timbo"]
[Date "2021.06.12"]
[Round "2"]
[White "Feller, Gabriela Luisa Vice"]
[Black "Da Costa, Michael David"]
[Result "1-0"]
[WhiteElo "1793"]
[BlackElo "1471"]
[PlyCount "41"]
[EventDate "2021.06.11"]
[EventType "swiss"]
[EventRounds "6"]
[EventCountry "BRA"]
[SourceTitle "EXT 2022"]
[Source "ChessBase"]
[SourceDate "2021.10.06"]
[SourceVersion "1"]
[SourceVersionDate "2021.10.06"]
[SourceQuality "1"]

1. d4 Nf6 2. c4 g6 3. Nf3 Bg7 4. Nc3 d5 5. Bg5 c6 6. e3 0-0 7. Be2 Nbd7 8. 0-0 b6 9. Rc1 Bb7 10. cxd5 Nxd5 11. Nxd5 cxd5 12. Qb3 Nf6 13. Rc2 Rc8 14. Rfc1 Rxc2 15. Qxc2 Qc8 16. Ne5 e6 17. Qxc8 Rxc8 18. Rxc8+ Bxc8 19. Nc6 Bd7 20. Nxa7 Ne4 21. Bd8 1-0

[Event "Timbo op"]
[Site "Timbo"]
[Date "2021.02.20"]
[Round "3"]
[White "Feller, Gabriela Luisa Vice"]
[Black "Da Costa, Michael David"]
[Result "1-0"]
[WhiteElo "1791"]
[BlackElo "1483"]
[PlyCount "71"]
[EventDate "2021.02.19"]
[EventType "swiss"]
[EventRounds "6"]
[EventCountry "BRA"]
[SourceTitle "EXT 2022"]
[Source "ChessBase"]
[SourceDate "2021.10.06"]
[SourceVersion "1"]
[SourceVersionDate "2021.10.06"]
[SourceQuality "1"]

1. d4 d5 2. c4 c6 3. Nc3 Nf6 4. Nf3 e6 5. Bg5 Be7 6. e3 Nbd7 7. Bd3 0-0 8. 0-0 dxc4 9. Bxc4 b5 10. Bd3 b4 11. Bxf6 Nxf6 12. Ne4 Qb6 13. Qc2 h6 14. Ne5 Re8 15. Nxc6 Bb7 16. Nxe7+ Rxe7 17. Nxf6+ gxf6 18. Be4 Rc7 19. Qb1 Kh8 20. Bxb7 Qxb7 21. Rc1 Rac8 22. Rxc7 Qxc7 23. Qd1 f5 24. g3 Kg7 25. a3 a5 26. axb4 axb4 27. Qb3 Qb7 28. Rd1 Kf8 29. d5 e5 30. d6 Rd8 31. Qd3 Qd7 32. Qd5 f6 33. Qc4 Rb8 34. Qc7 Rb7 35. Qxb7 Qxb7 36. d7 1-0

[Event "Timbo op"]
[Site "Timbo"]
[Date "2021.02.19"]
[Round "1"]
[White "Silva, Kaua Marques"]
[Black "Da Costa, Michael David"]
[Result "1-0"]
[WhiteElo "2132"]
[BlackElo "1483"]
[PlyCount "109"]
[EventDate "2021.02.19"]
[EventType "swiss"]
[EventRounds "6"]
[EventCountry "BRA"]
[SourceTitle "EXT 2022"]
[Source "ChessBase"]
[SourceDate "2021.10.06"]
[SourceVersion "1"]
[SourceVersionDate "2021.10.06"]
[SourceQuality "1"]

1. c4 e6 2. Nc3 c5 3. e4 Nc6 4. g3 Nf6 5. Bg2 Be7 6. Nge2 d6 7. 0-0 e5 8. d3 0-0 9. f4 exf4 10. gxf4 Bg4 11. h3 Bxe2 12. Nxe2 Ne8 13. Ng3 Nd4 14. Be3 Bf6 15. Rb1 Nc6 16. Kh2 g6 17. a3 a5 18. e5 Bg7 19. exd6 Qxd6 20. Ne4 Qd7 21. Bxc5 Qc7 22. Bxf8 Bxf8 23. d4 Rd8 24. d5 Bg7 25. Qd3 b6 26. b4 Nd4 27. bxa5 bxa5 28. Nc3 Nd6 29. Nb5 N4xb5 30. cxb5 Nf5 31. b6 Qd6 32. b7 Rb8 33. Qe4 Qxa3 34. Rfc1 Nd6 35. Qe1 Rxb7 36. Rxb7 Nxb7 37. Rc8+ Bf8 38. Rb8 Qd6 39. Rxb7 Qxf4+ 40. Qg3 Qf6 41. Qf3 Qe5+ 42. Kh1 f6 43. d6 Bxd6 44. Qd5+ Qxd5 45. Bxd5+ Kh8 46. Kg2 a4 47. Kf3 Bf8 48. h4 h6 49. Ra7 a3 50. Bf7 g5 51. Kg4 Bc5 52. Rc7 Bd6 53. Rd7 Be5 54. h5 Kg7 55. Ba2+ 1-0

[Event "Florianopolis op 7th"]
[Site "Florianopolis"]
[Date "2021.01.20"]
[Round "4"]
[White "Nones, Vinicius Gabriel"]
[Black "Da Costa, Michael David"]
[Result "0-1"]
[WhiteElo "1048"]
[BlackElo "1522"]
[PlyCount "104"]
[EventDate "2021.01.18"]
[EventType "swiss"]
[EventRounds "10"]
[EventCountry "BRA"]
[SourceTitle "CBM 200 Extra"]
[Source "ChessBase"]
[SourceDate "2021.03.31"]
[SourceVersion "1"]
[SourceVersionDate "2021.03.31"]
[SourceQuality "1"]

1. d4 d5 2. e3 Nf6 3. c4 c6 4. h3 e6 5. Nf3 Nbd7 6. Nc3 Be7 7. Bd3 0-0 8. 0-0 dxc4 9. Bxc4 b5 10. Bd3 Bb7 11. a3 a5 12. Bd2 b4 13. Ne2 c5 14. Ng3 Bd6 15. Re1 Bxg3 16. fxg3 Ne4 17. Qc2 Ndf6 18. Bxe4 Nxe4 19. Rac1 Rc8 20. Qd3 Qd5 21. Qe2 Nxg3 22. Qf2 Ne4 23. Qe2 bxa3 24. bxa3 c4 25. Bc3 Bc6 26. Qc2 Rb8 27. Rb1 Nxc3 28. Qxc3 Ba4 29. Nd2 Bb3 30. Rb2 a4 31. Rc1 Rbc8 32. Rf1 f5 33. Nf3 f4 34. Re2 Qd6 35. Ra1 h6 36. e4 Rcd8 37. Rd2 Qe7 38. Ne5 Qb7 39. Nxc4 Qxe4 40. Nb2 Rc8 41. Qf3 Qxf3 42. gxf3 Rfd8 43. Re1 Rc7 44. Re4 g5 45. Kf2 Rdc8 46. Ree2 Kf7 47. Nd3 Kf6 48. Nc5 Rc6 49. Nd7+ Ke7 50. Nc5 Rd8 51. Ke1 Ra8 52. Rd3 Bc4 0-1

[Event "Santa Catarina-ch 64th "]
[Site "Lages"]
[Date "2020.02.16"]
[Round "5"]
[White "Da Costa, Michael David"]
[Black "Espindola, Carlos Marcelo"]
[Result "1/2-1/2"]
[WhiteElo "1588"]
[BlackElo "1438"]
[PlyCount "39"]
[EventDate "2020.02.14"]
[EventType "swiss"]
[EventRounds "6"]
[EventCountry "BRA"]
[SourceTitle "CBM 195 Extra"]
[Source "ChessBase"]
[SourceDate "2020.05.31"]
[SourceVersion "1"]
[SourceVersionDate "2020.05.31"]
[SourceQuality "1"]

1. d4 d5 2. c4 e5 3. dxe5 d4 4. Nf3 Nc6 5. a3 Bg4 6. Nbd2 Nge7 7. h3 Bxf3 8. Nxf3 Ng6 9. b4 Ncxe5 10. Bb2 Nxf3+ 11. exf3 c5 12. b5 Be7 13. Bd3 Qa5+ 14. Qd2 Qxd2+ 15. Kxd2 Ne5 16. f4 Nxd3 17. Kxd3 0-0 18. Rae1 Bf6 19. Re2 a6 20. a4 1/2-1/2

[Event "Santa Catarina-ch 64th "]
[Site "Lages"]
[Date "2020.02.15"]
[Round "4"]
[White "Centeno, Daniel de Medeiros"]
[Black "Da Costa, Michael David"]
[Result "1/2-1/2"]
[WhiteElo "1287"]
[BlackElo "1588"]
[PlyCount "55"]
[EventDate "2020.02.14"]
[EventType "swiss"]
[EventRounds "6"]
[EventCountry "BRA"]
[SourceTitle "CBM 195 Extra"]
[Source "ChessBase"]
[SourceDate "2020.05.31"]
[SourceVersion "1"]
[SourceVersionDate "2020.05.31"]
[SourceQuality "1"]

1. d4 d5 2. c4 e6 3. Nf3 c6 4. e3 Nf6 5. Nc3 Be7 6. Be2 Nbd7 7. 0-0 0-0 8. Qc2 dxc4 9. Bxc4 b5 10. Bd3 Bb7 11. Ne4 Nxe4 12. Bxe4 Nf6 13. Bd3 Rc8 14. Qe2 a6 15. Bd2 c5 16. dxc5 Bxc5 17. b4 Bb6 18. Rac1 Qe7 19. Rxc8 Rxc8 20. a3 Qd6 21. Rc1 Rd8 22. Bb1 Qe7 23. Ne5 Rc8 24. Rxc8+ Bxc8 25. Qd3 Bc7 26. Bc3 Qd6 27. Nf3 Qxd3 28. Bxd3 1/2-1/2